000 00923cam a22003133a 4500
001 4398
003 PGUSA
005 20140828083054.0
008 030801s2003||||xxu|||||s|||||000 1 eng d
040 _aPGUSA
_beng
042 _adc
050 4 _aPS
100 1 _aSmith, Francis Hopkinson,
_d1838-1915
245 1 4 _aThe Tides of Barnegat
_h[electronic resource] /
_cFrancis Hopkinson Smith
260 _bProject Gutenberg,
_c2003
506 _aPublic domain in the USA.
516 _aElectronic text
653 _aBarnegat Bay Region (N.J.) -- Fiction
653 _aStorms -- Fiction
653 _aIllegitimate children -- Fiction
653 _aLove stories
653 _aLifesaving -- Fiction
653 _aSisters -- Fiction
653 _aDomestic fiction
653 _aAdopted children -- Fiction
830 0 _aProject Gutenberg
_v4398
856 4 0 _uhttp://www.gutenberg.org/ebooks/4398
942 _cEB
999 _c233727
_d233727